000 00965nam a22003017a 4500
001 BR8104513
003 BR-BrBNA
005 20230928091019.0
007 ta
008 230509b bl.||||| |||| 00| 0 por d
040 _aBR-BrBNA
_bpor
_cBiblioteca Nacional de Agricultura
041 _a(Por)
072 _aE70; E15
_b5214
_b5300
_b0150
_b/G514
090 _ 5214 BR8104513
110 1 _aFederacao da Agricultura do Estado do Rio Grande do Sul, Porto Alegre (Brasil)
_94578
245 1 _aA problematica da agropecuaria riograndense [comercializacao, politica agricola, credito rural, custo, producao animal, Rio Grande do Sul, Brasil]
260 3 _aPorto Alegre, RS (Brasil):
_c1981.
300 _a44 p.
650 _aPOLITICA AGRICOLA
650 _aCREDITO RURAL
650 _aCUSTO
650 _aSUINO
650 _aGADO LEITEIRO
650 _aARROZ IRRIGADO
650 _aRIO GRANDE DO SUL
909 _a202309
_bLucia
_c55
_dLucia Elande
942 _cBK
999 _c31760
_d31760